The gentleman Usher/ (Record no. 52012)

MARC details
000 -LEADER
fixed length control field 01086nam a2200373 a 4500
001 - CONTROL NUMBER
control field vtls000048034
003 - CONTROL NUMBER IDENTIFIER
control field NLI
005 - DATE AND TIME OF LATEST TRANSACTION
control field 20210601185535.0
008 - FIXED-LENGTH DATA ELEMENTS--GENERAL INFORMATION
fixed length control field 101125s1970 nbu 000 d eng
020 ## - INTERNATIONAL STANDARD BOOK NUMBER
International Standard Book Number 803202857
Terms of availability $ 9.95
039 #9 - LEVEL OF BIBLIOGRAPHIC CONTROL AND CODING DETAIL [OBSOLETE]
-- 201011250438
-- VLOAD
040 0# - CATALOGING SOURCE
Original cataloging agency NLI
Language of cataloging eng
Transcribing agency VERGIS-2003
041 0# - LANGUAGE CODE
Language code of text/sound track or separate title eng
044 ## - COUNTRY OF PUBLISHING/PRODUCING ENTITY CODE
MARC country code nbu
082 04 - DEWEY DECIMAL CLASSIFICATION NUMBER
Classification number 822.3
100 1# - MAIN ENTRY--PERSONAL NAME
Personal name Chapman, George
9 (RLIN) 125925
245 14 - TITLE STATEMENT
Title The gentleman Usher/
Statement of responsibility, etc. George Chapman; edited by John Hazel Smith
260 ## - PUBLICATION, DISTRIBUTION, ETC.
Place of publication, distribution, etc. Lincoln:
Name of publisher, distributor, etc. University of Nebraska Press,
Date of publication, distribution, etc. c1970
300 ## - PHYSICAL DESCRIPTION
Extent xxxiii, 149 p;
Dimensions 23 cm.
440 #0 - SERIES STATEMENT/ADDED ENTRY--TITLE
Title Regents renaissance drama series
500 ## - GENERAL NOTE
General note Includes index
650 #0 - SUBJECT ADDED ENTRY--TOPICAL TERM
Topical term or geographic name entry element English drama
Chronological subdivision 17th century
700 1# - ADDED ENTRY--PERSONAL NAME
Personal name Smith, John Hazel,
Relationship edt
9 (RLIN) 126113
887 ## - NON-MARC INFORMATION FIELD
Content of non-MARC field Kannaki
901 ## - LOCAL DATA ELEMENT A, LDA (RLIN)
a 461426
b 31/05/1980
902 ## - LOCAL DATA ELEMENT B, LDB (RLIN)
a E 822.3 C 366 g
903 ## - LOCAL DATA ELEMENT C, LDC (RLIN)
a 02/06/2004
904 ## - LOCAL DATA ELEMENT D, LDD (RLIN)
a Kannaki
906 ## - LOCAL DATA ELEMENT F, LDF (RLIN)
a 050573
949 ## - LOCAL PROCESSING INFORMATION (OCLC)
-- VIRTUAITEM
-- 10000
-- 1
-- 100
6 PUR000461426ENG
a E 822.3 C366g
942 ## - ADDED ENTRY ELEMENTS (KOHA)
Source of classification or shelving scheme Dewey Decimal Classification
Koha item type Books
Holdings
Withdrawn status Lost status Damaged status Not for loan Collection code Home library Current library Shelving location Date acquired Total Checkouts Full call number Barcode Date last seen Price effective from Koha item type
        New English National Library of India National Library of India New English - Main Stack Division     E 822.3 C 366 g PUR000461426ENG 01/06/2021 01/06/2021 Books
                                                                           
web counter

Copyright ©2020 The National Library of India, Govt. of India ↔ Hosted by NVLI, MOC ↔ Technology and Design by National Library of India, Ministry of Culture, Govt. of India